Štatistické zisťovania v praxi Štatistického úradu SR

Fungovanie národného štatistického systému. Zoznam orgánov tvoriacich národný štatistický systém. Program štátnych štatistických zisťovaní. Všeobecný model štatistického produkčného procesu a jeho osem podprocesov. Ciele a opis činnosti jednotlivých podprocesov. Štatistické zisťovania, úplné a neúpl...

Full description

Saved in:
Bibliographic Details
Main Author: Glaser-Opitzová, Helena, 1964-
Format: Book Chapter
Language:Slovak
Subjects:
Tags: Add Tag
No Tags, Be the first to tag this record!

MARC

LEADER 00000naa$a2200000$$$4500
001 0260733
005 20240502074130.9
041 0 |a slo 
044 |a SK 
245 1 0 |a Štatistické zisťovania v praxi Štatistického úradu SR  |c Helena Glaser-Opitzová 
520 |a Fungovanie národného štatistického systému. Zoznam orgánov tvoriacich národný štatistický systém. Program štátnych štatistických zisťovaní. Všeobecný model štatistického produkčného procesu a jeho osem podprocesov. Ciele a opis činnosti jednotlivých podprocesov. Štatistické zisťovania, úplné a neúplné zisťovania. Dizajn výberu a stratifikovaný výber. 
610 2 0 |a úrady štatistické 
610 2 0 |a zisťovanie štatistické 
610 2 0 |a systémy štatistické 
610 2 0 |a modely štatistické 
610 2 0 |a štatistika 
610 2 0 |a výstupy 
610 2 0 |a zber dát 
100 1 |a Glaser-Opitzová, Helena, 1964-